Sports Quiz

Random Sports or State Quiz
Score 0/36 Timer 09:00
10 Plays Today
Games City % Correct
67New York
92.3%
48Los Angeles
87.8%
50Dallas
84.9%
37Houston
82.2%
33Chicago
81.7%
83Indianapolis
80.7%
77Atlanta
77.6%
47Seattle
76.3%
46New Orleans
73.6%
74Philadelphia
72.2%
45St. Louis
71.7%
123Kansas City
68.6%
30Denver
66.3%
46Minneapolis
63.7%
35Oklahoma City
62.1%
42Nashville
61.9%
83Charlotte
59.5%
51Louisville
57.6%
Games City % Correct
54Raleigh
56.7%
86Salt Lake City
55.6%
34Milwaukee
50.6%
42Syracuse
46.8%
30Sacramento
43.1%
77Lexington
42.3%
52Boise
37.1%
41Providence
35.6%
38Albuquerque
32.7%
43Birmingham
32.6%
84Dayton
31.8%
58Greensboro
31%
53Tucson
26.6%
30Wichita
17.3%
39East Rutherford
15.7%
38Lawrence
12.1%
40College Park
10.4%
36Corvallis
2.8%
Remove Ads.
Support Sporcle.
Get the best of Sporcle when you Go Orange. This ad-free experience offers more features, more stats, and more fun while also helping to support Sporcle. Thank you for becoming a member.

You're not logged in!

Compare scores with friends on all Sporcle quizzes.
OR
Log In

Show Comments

Extras

Top Quizzes Today


Score Distribution

Your Account Isn't Verified!

In order to create a playlist on Sporcle, you need to verify the email address you used during registration. Go to your Sporcle Settings to finish the process.

Report this User

Report this user for behavior that violates our Community Guidelines.

Details: